Anime Character Quiz - Statistics

General Stats
  • This quiz has been taken 174 times
  • The average score is 5 of 28
Answer Stats
Description Character % Correct
Ate the gum gum fruit Monkey D. Luffy
73%
Beautiful gay ice skater Yuri Katsuki
62%
Naruto's first teacher Iruka Umino
46%
EXPLOSION! Megumin
38%
Tetsutetsu Tetsutetsu's rival Eijiro Kirishima
36%
Useless without younger sister Sora
28%
Youngest exorcist Yukio Okumura
25%
Sent to the future to defeat Acnologia Natsu Dragneel
24%
Captain of the scouting team Captian Levi
22%
Light Yagami's Father Soichiro Yagami
20%
Demon Cyborg Genos
18%
Just wants to have a normal life, loves hands Yoshikage Kira
18%
His heart creates engine-like sounds King
17%
Became a teacher to marry high school girls Onizuka
16%
Rejected his humanity Dio Brando
14%
Dinosaur Girl Zero Two
9%
God of Disboard Tet
8%
He got kicked out of school dorms for cats Kanda Sorata
7%
Her hair gets gradually duller until her death Kaori Miyazono
5%
Adopted AI child Yui
4%
Dead delinquent who saved a child Yuusuke Urameshi
4%
Died to save the main character and give him confidence Kamina
3%
4th person to join μ's Hanayo Koizumi
2%
Wants to marry Eromanga Sensei Masamune Izumi
2%
She loves her younger sister Aihara Yuzu
1%
Host of Anisong Station and mastermind behind PPAP Daimaou Kasako
1%
Has the copy power Ryu Yamada
1%
Only human at monster high school Tsukune Aono
1%
No matching quizzes found
Score Distribution
Percent of People with Each Score
Percentile by Number Answered
Your Score History
You have not taken this quiz